00539nam a22001457a 450000500170000000800410001704100130005808200150007110000440008624501390013025000190026926000480028830000310033665000260036720231102082418.0231102b |||||||| |||| 00| 0 eng d aEnglish  a346.6 PYE  aDiemont, MA and Boehmke, MA lEnglish  aPyemont's Company Law of South Africa : bcontaining the statutes, forms and rules with comment thereon / cMA Diemont and MA Boekmke  aSixth Edition  aCape Town : bJuta and Company Ltd, c1953  blxiv, 722 pages ; c26 cm. aLegal practice bLaw